| 000 | 00807nam a22002891i 4500 | ||
|---|---|---|---|
| 001 | 16223 | ||
| 003 | ES-MaACL | ||
| 005 | 20230906151250.0 | ||
| 007 | t| | ||
| 008 | 000711s1999 sp r ||||0| spa j | ||
| 016 | 7 | _zIND9100065101 | |
| 020 | _a84-323-0381-X | ||
| 040 |
_aM-BN _bspa _cA2 |
||
| 080 | _a840-4"19" | ||
| 100 | 1 |
_aBarthes, Roland. _926125 |
|
| 245 | 1 | 0 |
_aMitologías / _cpor Roland Barthes ; [traducción del francés de Héctor Schmucler]. |
| 250 | _a2ª ed. | ||
| 260 |
_aMadrid [etc.] : _bSiglo Veintiuno de España [etc.], _c1999. |
||
| 300 |
_a257 p. ; _c18 cm. |
||
| 490 | 1 | _aTeoría | |
| 500 | _aIndice. | ||
| 700 | 1 |
_aSchmucler, Héctor. _9104537 |
|
| 830 | 0 |
_aTeoría _9177535 |
|
| 852 |
_aES-MaACL _jL-23365 _bR.128401 |
||
| 999 |
_c16223 _d16223 |
||